000
00308nam a22001457a 4500
008
231124b ||||| |||| 00| 0 eng d
020
_a
9780802077417
041
_a
eng
080
_a
618
082
_a
618KEL
100
_a
15
101
_a
GJINEK
245
_a
ABORTING LAW
_c
KELLOUGH.G
942
_2
udc
_c
BK
999
_c
60522
_d
60522